000 00492nam a2200169Ia 4500
003 IN-BaIIA
008 211028s9999 xx 000 0 eng d
040 _cIIA Library
080 _a058(540)
_bMAT-83
245 0 _aManorama yearbook 1983
_ba handey encyclopaedia
_cedited by K. M. Mathew
260 _aKerala
_bManorama Publishing
_c1983
300 _a820p.
650 _aAstronomy and Astrophysics Thesaurus
650 _aYearbooks
_94151
700 _aMathew, K M., ed.
_911789
942 _cBK
999 _c7746
_d7746